000
00260nam a22001097a 4500
008
210707s1960 xx 000 0 und d
041
_a
eng
082
_a
052 NG
245
_a
National Geographic
260
_b
National Geographic
_c
1960
650
_a
Generalities
999
_c
179152
_d
179152